Podnikanie vo výrobe potrebuje inžiniersky management.

Transformácia špecializovaného profilu inžinierov na manažérsky. Stimuly rozvoja inžinierskeho manažmentu. Programové smery manažérskeho inžinierstva. Oblasti inžinierskeho manažmentu (ľudia, projekty, organizácie, zdroje, systémy). Skúsenosti z organizácie inžinierskeho manažmentu v USA.

Enregistré dans:
Détails bibliographiques
Auteur principal: Modrák, V.
Format: Chapitre de livre
Langue:slovaque
Sujets:
Tags: Ajouter un tag
Pas de tags, Soyez le premier à ajouter un tag!

MARC

LEADER 00000naa a2200000 4500
001 r010559
005 20220831090701.0
041 0 |a slo 
044 |a CS 
245 1 0 |a Podnikanie vo výrobe potrebuje inžiniersky management.  |c V. Modrák 
520 |a Transformácia špecializovaného profilu inžinierov na manažérsky. Stimuly rozvoja inžinierskeho manažmentu. Programové smery manažérskeho inžinierstva. Oblasti inžinierskeho manažmentu (ľudia, projekty, organizácie, zdroje, systémy). Skúsenosti z organizácie inžinierskeho manažmentu v USA. 
610 2 0 |a inžinieri 
610 2 0 |a manažéri 
610 2 0 |a podnikanie 
610 2 0 |a manažment 
610 2 0 |a vzdelávanie 
610 2 0 |a univerzity 
610 2 0 |a USA 
610 2 0 |a plán učebný 
100 1 |a Modrák, V.